[Event "Irena Warakomska Memorial A"]
[Site "Suwalki"]
[Date "2021.08.01"]
[Round "7"]
[White "Janik, Igor"]
[Black "Lewtak, Damian"]
[Result "1-0"]
[Board "4"]
[WhiteElo "2500"]
[WhiteTitle "IM"]
[WhiteCountry "POL"]
[WhiteFideId "1159259"]
[WhiteEloChange "3"]
[BlackElo "2380"]
[BlackTitle "IM"]
[BlackCountry "POL"]
[BlackFideId "1141724"]
[BlackEloChange "-7"]

1. d4 {[%clk 1:30:56]} Nf6 {[%clk 1:30:05]} 2. c4 {[%clk 1:31:22]} c5 {[%clk
1:30:28]} 3. d5 {[%clk 1:31:42]} e6 {[%clk 1:30:52]} 4. Nc3 {[%clk 1:31:39]} exd5
{[%clk 1:31:17]} 5. cxd5 {[%clk 1:32:04]} d6 {[%clk 1:31:43]} 6. Nf3 {[%clk
1:32:21]} g6 {[%clk 1:32:08]} 7. g3 {[%clk 1:32:17]} Bg7 {[%clk 1:32:32]} 8. Bg2
{[%clk 1:32:43]} O-O {[%clk 1:32:54]} 9. O-O {[%clk 1:32:47]} a6 {[%clk 1:32:20]}
10. a4 {[%clk 1:33:14]} Nbd7 {[%clk 1:30:00]} 11. Nd2 {[%clk 1:32:09]} Re8 {[%clk
1:29:22]} 12. h3 {[%clk 1:28:18]} Qc7 {[%clk 1:28:07]} 13. a5 {[%clk 1:22:56]} b5
{[%clk 1:26:17]} 14. axb6 {[%clk 1:23:22]} Nxb6 {[%clk 1:26:42]} 15. Nb3 {[%clk
1:23:44]} Bf5 {[%clk 1:25:40]} 16. g4 {[%clk 1:19:43]} Be4 {[%clk 1:24:07]} 17.
Na5 {[%clk 1:14:34]} Bxg2 {[%clk 1:23:28]} 18. Kxg2 {[%clk 1:15:02]} Qe7 {[%clk
1:11:12]} 19. Qd3 {[%clk 1:11:19]} Rac8 {[%clk 1:11:20]} 20. Bg5 {[%clk 1:05:43]}
h6 {[%clk 1:02:49]} 21. Nc6 {[%clk 0:57:53]} Qb7 {[%clk 1:02:30]} 22. Bxf6 {[%clk
0:58:18]} Bxf6 {[%clk 1:02:56]} 23. Qxa6 {[%clk 0:58:27]} Qxa6 {[%clk 1:00:24]}
24. Rxa6 {[%clk 0:58:37]} Bxc3 {[%clk 1:00:53]} 25. Rxb6 {[%clk 0:58:56]} Bf6
{[%clk 1:01:21]} 26. e3 {[%clk 0:55:30]} Ra8 {[%clk 1:01:43]} 27. Rc1 {[%clk
0:45:26]} Ra2 {[%clk 1:02:04]} 28. Rc2 {[%clk 0:45:55]} Kg7 {[%clk 1:00:46]} 29.
Kf3 {[%clk 0:45:24]} Rh8 {[%clk 0:56:29]} 30. Rb5 {[%clk 0:43:16]} h5 {[%clk
0:56:14]} 31. Na5 {[%clk 0:43:12]} hxg4+ {[%clk 0:56:19]} 32. hxg4 {[%clk
0:43:41]} Rh3+ {[%clk 0:56:33]} 33. Ke2 {[%clk 0:44:05]} Rh4 {[%clk 0:56:42]} 34.
Nc4 {[%clk 0:44:16]} Be7 {[%clk 0:55:42]} 35. Rb7 {[%clk 0:43:03]} Kf8 {[%clk
0:55:34]} 36. Rb8+ {[%clk 0:40:57]} Kg7 {[%clk 0:56:01]} 37. Re8 {[%clk 0:40:33]}
Bf8 {[%clk 0:56:05]} 38. g5 {[%clk 0:36:28]} Ra4 {[%clk 0:52:46]} 39. Kd3 {[%clk
0:34:29]} Rh2 {[%clk 0:52:27]} 40. Nb6 {[%clk 1:03:41]} Ra7 {[%clk 1:22:21]} 41.
f4 {[%clk 1:01:12]} Rh1 {[%clk 1:22:23]} 42. Rb8 {[%clk 1:00:47]} Rd1+ {[%clk
1:21:28]} 43. Rd2 {[%clk 1:00:30]} Re1 {[%clk 1:21:35]} 44. Nc4 {[%clk 0:59:07]}
Be7 {[%clk 1:21:25]} 45. Rh2 {[%clk 0:57:34]} 1-0

[Event "Irena Warakomska Memorial A"]
[Site "Suwalki"]
[Date "2021.08.01"]
[Round "7"]
[White "Goluch, Piotr"]
[Black "Pultinevicius, Paulius"]
[Result "0-1"]
[Board "5"]
[WhiteElo "2333"]
[WhiteTitle "IM"]
[WhiteCountry "POL"]
[WhiteFideId "1137840"]
[WhiteEloChange "-6"]
[BlackElo "2492"]
[BlackTitle "GM"]
[BlackCountry "LTU"]
[BlackFideId "12809390"]
[BlackEloChange "3"]

1. e4 {[%clk 1:30:57]} c6 {[%clk 1:30:55]} 2. d4 {[%clk 1:31:23]} d5 {[%clk
1:31:21]} 3. e5 {[%clk 1:31:50]} Bf5 {[%clk 1:31:49]} 4. Nf3 {[%clk 1:32:16]} e6
{[%clk 1:32:15]} 5. Be2 {[%clk 1:32:43]} Nd7 {[%clk 1:32:40]} 6. O-O {[%clk
1:32:48]} a6 {[%clk 1:33:06]} 7. Be3 {[%clk 1:32:03]} c5 {[%clk 1:22:52]} 8. c4
{[%clk 1:30:07]} dxc4 {[%clk 1:17:32]} 9. Bxc4 {[%clk 1:16:07]} Rc8 {[%clk
1:13:05]} 10. Be2 {[%clk 1:05:52]} Ne7 {[%clk 1:08:07]} 11. Nc3 {[%clk 1:04:01]}
Nc6 {[%clk 0:50:05]} 12. d5 {[%clk 0:58:16]} exd5 {[%clk 0:50:04]} 13. Nxd5
{[%clk 0:54:11]} Nb6 {[%clk 0:43:28]} 14. Nxb6 {[%clk 0:48:00]} Qxb6 {[%clk
0:43:54]} 15. Qc1 {[%clk 0:38:17]} Be7 {[%clk 0:40:26]} 16. Qc3 {[%clk 0:38:42]}
O-O {[%clk 0:37:58]} 17. Rfd1 {[%clk 0:37:54]} Nb4 {[%clk 0:35:16]} 18. Ne1
{[%clk 0:33:45]} Rfd8 {[%clk 0:32:21]} 19. Qb3 {[%clk 0:33:16]} Qg6 {[%clk
0:28:37]} 20. Bc4 {[%clk 0:31:46]} b5 {[%clk 0:28:19]} 21. Bf1 {[%clk 0:28:41]}
c4 {[%clk 0:26:05]} 22. Rxd8+ {[%clk 0:27:58]} Rxd8 {[%clk 0:26:30]} 23. Qc3
{[%clk 0:28:24]} Nd5 {[%clk 0:22:41]} 24. Qd4 {[%clk 0:28:51]} h6 {[%clk
0:21:12]} 25. a4 {[%clk 0:24:43]} Qc6 {[%clk 0:16:53]} 26. axb5 {[%clk 0:24:47]}
axb5 {[%clk 0:17:19]} 27. Qa7 {[%clk 0:19:12]} Rd7 {[%clk 0:16:36]} 28. Qb8+
{[%clk 0:17:14]} Kh7 {[%clk 0:16:19]} 29. Bd4 {[%clk 0:16:17]} Rb7 {[%clk
0:15:10]} 30. Qa8 {[%clk 0:16:42]} Nc7 {[%clk 0:15:12]} 31. Qa5 {[%clk 0:16:48]}
Ne6 {[%clk 0:13:44]} 32. Be3 {[%clk 0:17:11]} Bc5 {[%clk 0:09:09]} 33. Qc3 {[%clk
0:16:09]} Rd7 {[%clk 0:09:24]} 34. b3 {[%clk 0:15:36]} Bxe3 {[%clk 0:08:56]} 35.
fxe3 {[%clk 0:16:04]} Qc5 {[%clk 0:08:29]} 36. bxc4 {[%clk 0:14:43]} b4 {[%clk
0:08:55]} 37. Qb3 {[%clk 0:08:08]} Qxe5 {[%clk 0:09:04]} 38. Ra4 {[%clk 0:08:29]}
Nc5 {[%clk 0:09:11]} 39. Ra5 {[%clk 0:08:55]} Qe7 {[%clk 0:08:59]} 40. Qxb4
{[%clk 0:38:49]} Qxe3+ {[%clk 0:39:11]} 41. Kh1 {[%clk 0:39:15]} Ne4 {[%clk
0:26:51]} 42. Rxf5 {[%clk 0:39:09]} Rd1 {[%clk 0:27:11]} 43. g3 {[%clk 0:25:57]}
Rxe1 {[%clk 0:23:35]} 44. Qb7 {[%clk 0:20:50]} Nd6 {[%clk 0:19:44]} 45. Qd5
{[%clk 0:21:14]} Nxf5 {[%clk 0:20:09]} 46. Qxf5+ {[%clk 0:21:41]} Kg8 {[%clk
0:20:32]} 47. Qc8+ {[%clk 0:22:06]} Qe8 {[%clk 0:20:55]} 48. Qxe8+ {[%clk
0:22:21]} Rxe8 {[%clk 0:21:20]} 49. Kg2 {[%clk 0:22:49]} Re3 {[%clk 0:21:14]} 50.
Kf2 {[%clk 0:23:15]} Rc3 {[%clk 0:21:40]} 51. Be2 {[%clk 0:23:42]} Kf8 {[%clk
0:22:01]} 52. Ke1 {[%clk 0:24:04]} Ke7 {[%clk 0:22:15]} 0-1

[Event "Irena Warakomska Memorial A"]
[Site "Suwalki"]
[Date "2021.08.01"]
[Round "7"]
[White "Klimkowski, Jan"]
[Black "Tomczak, Jacek"]
[Result "1/2-1/2"]
[Board "6"]
[WhiteElo "2322"]
[WhiteTitle "FM"]
[WhiteCountry "POL"]
[WhiteFideId "21856222"]
[WhiteEloChange "7"]
[BlackElo "2603"]
[BlackTitle "GM"]
[BlackCountry "POL"]
[BlackFideId "1124668"]
[BlackEloChange "-3"]

1. e4 {[%clk 1:30:58]} c6 {[%clk 1:30:15]} 2. Nc3 {[%clk 1:31:18]} d5 {[%clk
1:30:27]} 3. Nf3 {[%clk 1:31:42]} Bg4 {[%clk 1:24:42]} 4. h3 {[%clk 1:31:55]}
Bxf3 {[%clk 1:25:06]} 5. Qxf3 {[%clk 1:32:22]} e6 {[%clk 1:25:29]} 6. d4 {[%clk
1:32:39]} Nf6 {[%clk 1:20:45]} 7. Bd3 {[%clk 1:28:34]} dxe4 {[%clk 1:09:27]} 8.
Nxe4 {[%clk 1:29:00]} Nxe4 {[%clk 1:09:32]} 9. Qxe4 {[%clk 1:29:24]} Nd7 {[%clk
1:09:40]} 10. c3 {[%clk 1:26:08]} Nf6 {[%clk 1:09:27]} 11. Qf3 {[%clk 1:22:53]}
Qd5 {[%clk 1:01:49]} 12. Qxd5 {[%clk 1:20:56]} Nxd5 {[%clk 1:01:41]} 13. Bd2
{[%clk 1:19:04]} g6 {[%clk 0:58:10]} 14. O-O-O {[%clk 1:16:14]} h5 {[%clk
0:56:02]} 15. Be4 {[%clk 1:12:35]} Nf6 {[%clk 0:50:58]} 16. Bf3 {[%clk 1:12:34]}
Bh6 {[%clk 0:49:45]} 17. Bxh6 {[%clk 1:11:45]} Rxh6 {[%clk 0:50:11]} 18. Rhe1
{[%clk 1:10:24]} O-O-O {[%clk 0:49:42]} 19. h4 {[%clk 1:07:24]} Rhh8 {[%clk
0:49:10]} 20. Kc2 {[%clk 1:03:58]} Kc7 {[%clk 0:49:18]} 21. g3 {[%clk 1:02:56]}
Rd7 {[%clk 0:45:18]} 22. Rd2 {[%clk 0:59:18]} Rhd8 {[%clk 0:44:52]} 23. Red1
{[%clk 0:58:06]} Ne8 {[%clk 0:44:27]} 24. Be4 {[%clk 0:57:43]} Nd6 {[%clk
0:43:56]} 25. Bd3 {[%clk 0:58:09]} Ra8 {[%clk 0:42:51]} 26. Re1 {[%clk 0:56:02]}
Ne8 {[%clk 0:32:57]} 27. Be4 {[%clk 0:53:41]} Nf6 {[%clk 0:33:05]} 28. Bf3 {[%clk
0:54:01]} Rd6 {[%clk 0:33:19]} 29. b3 {[%clk 0:50:21]} Nd7 {[%clk 0:32:08]} 30.
Rdd1 {[%clk 0:45:46]} Rd8 {[%clk 0:26:32]} 31. Bg2 {[%clk 0:42:03]} Nf6 {[%clk
0:20:58]} 32. Bf3 {[%clk 0:36:15]} b6 {[%clk 0:21:07]} 33. Re3 {[%clk 0:32:39]}
Kd7 {[%clk 0:15:52]} 34. Red3 {[%clk 0:31:23]} Ng8 {[%clk 0:15:08]} 35. Be4
{[%clk 0:24:47]} Nf6 {[%clk 0:15:27]} 36. Bf3 {[%clk 0:25:13]} Rb8 {[%clk
0:15:19]} 37. R3d2 {[%clk 0:24:50]} Kc7 {[%clk 0:15:27]} 38. Rd3 {[%clk 0:24:33]}
Nd7 {[%clk 0:15:40]} 39. Bg2 {[%clk 0:24:27]} Re8 {[%clk 0:11:38]} 40. Re1 {[%clk
0:54:15]} Rf8 {[%clk 0:36:39]} 41. Rdd1 {[%clk 0:51:46]} Rb8 {[%clk 0:34:44]} 42.
Rd3 {[%clk 0:51:47]} Rf8 {[%clk 0:33:02]} 43. Rdd1 {[%clk 0:52:12]} Rd8 {[%clk
0:28:53]} 44. Rd3 {[%clk 0:52:13]} Nb8 {[%clk 0:28:12]} 45. Ree3 {[%clk 0:50:15]}
R6d7 {[%clk 0:27:15]} 46. Rf3 {[%clk 0:49:18]} Re7 {[%clk 0:27:20]} 47. Rfe3
{[%clk 0:48:57]} Red7 {[%clk 0:23:36]} 48. Rf3 {[%clk 0:49:10]} Kd6 {[%clk
0:23:19]} 49. Rfe3 {[%clk 0:41:18]} Ke7 {[%clk 0:22:46]} 50. Re1 {[%clk 0:41:03]}
Rd6 {[%clk 0:22:00]} 51. Rdd1 {[%clk 0:40:32]} R8d7 {[%clk 0:17:10]} 52. Bf3
{[%clk 0:40:18]} Rd8 {[%clk 0:15:17]} 53. Bg2 {[%clk 0:40:42]} Kd7 {[%clk
0:12:33]} 54. Re3 {[%clk 0:40:57]} Kc7 {[%clk 0:12:29]} 55. Rf3 {[%clk 0:40:23]}
R6d7 {[%clk 0:12:31]} 56. Rfd3 {[%clk 0:40:38]} Rd6 {[%clk 0:10:06]} 1/2-1/2

[Event "Irena Warakomska Memorial A"]
[Site "Suwalki"]
[Date "2021.08.01"]
[Round "7"]
[White "Zakrzewski, Marek"]
[Black "Licznerski, Lukasz"]
[Result "1/2-1/2"]
[Board "7"]
[WhiteElo "2295"]
[WhiteTitle "FM"]
[WhiteCountry "POL"]
[WhiteFideId "1170694"]
[WhiteEloChange "3"]
[BlackElo "2400"]
[BlackTitle "FM"]
[BlackCountry "POL"]
[BlackFideId "1179250"]
[BlackEloChange "-1"]

1. e4 {[%clk 1:30:57]} c5 {[%clk 1:20:01]} 2. Nf3 {[%clk 1:31:17]} g6 {[%clk
1:20:28]} 3. c3 {[%clk 1:31:27]} Bg7 {[%clk 1:20:52]} 4. d4 {[%clk 1:31:44]} cxd4
{[%clk 1:21:19]} 5. cxd4 {[%clk 1:32:03]} d5 {[%clk 1:21:46]} 6. e5 {[%clk
1:32:14]} Nh6 {[%clk 1:22:14]} 7. Be2 {[%clk 1:26:20]} Nc6 {[%clk 1:11:15]} 8. h3
{[%clk 1:17:34]} Bf5 {[%clk 1:07:42]} 9. O-O {[%clk 1:15:47]} Be4 {[%clk
1:05:37]} 10. Ng5 {[%clk 1:05:52]} Qb6 {[%clk 1:00:20]} 11. Nxe4 {[%clk 1:03:44]}
dxe4 {[%clk 1:00:44]} 12. d5 {[%clk 1:03:45]} Rd8 {[%clk 0:54:37]} 13. Nc3 {[%clk
1:00:51]} O-O {[%clk 0:54:25]} 14. Qc2 {[%clk 0:56:03]} Nxe5 {[%clk 0:51:37]} 15.
Be3 {[%clk 0:53:55]} Qa5 {[%clk 0:47:17]} 16. Qxe4 {[%clk 0:52:27]} Nf5 {[%clk
0:47:43]} 17. Bf4 {[%clk 0:41:16]} Nd6 {[%clk 0:47:53]} 18. Qa4 {[%clk 0:39:31]}
Qxa4 {[%clk 0:45:18]} 19. Nxa4 {[%clk 0:39:52]} Rc8 {[%clk 0:22:40]} 20. Rac1
{[%clk 0:37:03]} Nd7 {[%clk 0:17:25]} 21. Rfe1 {[%clk 0:28:02]} Rxc1 {[%clk
0:15:03]} 22. Rxc1 {[%clk 0:28:17]} Rc8 {[%clk 0:15:15]} 23. Rxc8+ {[%clk
0:25:08]} Nxc8 {[%clk 0:15:03]} 24. Be3 {[%clk 0:24:10]} Be5 {[%clk 0:08:29]} 25.
f4 {[%clk 0:15:14]} Bd6 {[%clk 0:08:37]} 26. Kf1 {[%clk 0:14:29]} Kf8 {[%clk
0:08:48]} 27. Ke1 {[%clk 0:12:18]} Ke8 {[%clk 0:08:54]} 28. Kd2 {[%clk 0:09:30]}
Kd8 {[%clk 0:08:49]} 29. a3 {[%clk 0:07:40]} Bb8 {[%clk 0:03:23]} 30. g3 {[%clk
0:07:27]} Nd6 {[%clk 0:03:41]} 31. Kd3 {[%clk 0:07:16]} a6 {[%clk 0:02:54]} 32.
Nc5 {[%clk 0:06:28]} Bc7 {[%clk 0:01:05]} 33. Nxd7 {[%clk 0:04:13]} Kxd7 {[%clk
0:01:33]} 34. a4 {[%clk 0:04:18]} Ba5 {[%clk 0:01:38]} 35. Bc5 {[%clk 0:02:48]}
Be1 {[%clk 0:00:47]} 36. g4 {[%clk 0:03:14]} Bg3 {[%clk 0:01:07]} 37. Ke3 {[%clk
0:02:46]} Bf2+ {[%clk 0:01:11]} 38. Kxf2 {[%clk 0:03:10]} Ne4+ {[%clk 0:01:39]}
39. Ke3 {[%clk 0:03:27]} Nxc5 {[%clk 0:02:08]} 40. Bd1 {[%clk 0:33:43]} a5 {[%clk
0:30:33]} 41. Kd4 {[%clk 0:32:38]} b6 {[%clk 0:28:25]} 42. Bc2 {[%clk 0:32:44]}
Na6 {[%clk 0:25:41]} 43. Ke5 {[%clk 0:30:15]} f6+ {[%clk 0:23:39]} 44. Kd4 {[%clk
0:30:36]} Kd6 {[%clk 0:23:51]} 45. Bd3 {[%clk 0:25:40]} Nc5 {[%clk 0:22:41]} 46.
Bc2 {[%clk 0:25:50]} g5 {[%clk 0:15:14]} 47. fxg5 {[%clk 0:22:27]} fxg5 {[%clk
0:15:42]} 48. Kc4 {[%clk 0:13:33]} h6 {[%clk 0:15:53]} 49. Kd4 {[%clk 0:12:40]}
Nd7 {[%clk 0:09:01]} 50. Bd1 {[%clk 0:12:46]} Ne5 {[%clk 0:08:52]} 51. Be2 {[%clk
0:10:36]} Ng6 {[%clk 0:08:45]} 52. Bf1 {[%clk 0:10:31]} Nf4 {[%clk 0:09:06]} 53.
Bc4 {[%clk 0:08:31]} Nxh3 {[%clk 0:09:27]} 54. Ke4 {[%clk 0:08:46]} Nf4 {[%clk
0:09:41]} 55. b3 {[%clk 0:06:10]} Ng6 {[%clk 0:02:40]} 56. Ba6 {[%clk 0:03:37]}
Nf4 {[%clk 0:02:13]} 57. Bc4 {[%clk 0:03:36]} Kc5 {[%clk 0:00:37]} 58. Ke5 {[%clk
0:02:23]} h5 {[%clk 0:00:51]} 59. gxh5 {[%clk 0:02:01]} Nxh5 {[%clk 0:01:19]} 60.
Ke6 {[%clk 0:02:16]} Nf4+ {[%clk 0:00:52]} 61. Ke5 {[%clk 0:02:41]} Nh5 {[%clk
0:00:37]} 62. Ke6 {[%clk 0:03:04]} Nf4+ {[%clk 0:00:32]} 63. Ke5 {[%clk 0:03:31]}
Nh5 {[%clk 0:00:35]} 64. Ke6 {[%clk 0:01:38]} g4 {[%clk 0:00:35]} 65. Kxe7 {[%clk
0:01:38]} Ng7 {[%clk 0:00:35]} 1/2-1/2

[Event "Irena Warakomska Memorial A"]
[Site "Suwalki"]
[Date "2021.08.01"]
[Round "7"]
[White "Nowak, Mikolaj"]
[Black "Socko, Monika"]
[Result "1-0"]
[Board "8"]
[WhiteElo "2310"]
[WhiteCountry "POL"]
[WhiteFideId "1191365"]
[WhiteEloChange "12"]
[BlackElo "2393"]
[BlackTitle "GM"]
[BlackCountry "POL"]
[BlackFideId "1106619"]
[BlackEloChange "-12"]

1. c4 {[%clk 1:30:57]} e5 {[%clk 1:30:55]} 2. e3 {[%clk 1:31:22]} d6 {[%clk
1:29:13]} 3. Nc3 {[%clk 1:31:37]} f5 {[%clk 1:28:36]} 4. d4 {[%clk 1:31:55]} Be7
{[%clk 1:26:33]} 5. Be2 {[%clk 1:30:55]} c6 {[%clk 1:22:20]} 6. Rb1 {[%clk
1:25:37]} Nf6 {[%clk 1:19:28]} 7. b4 {[%clk 1:22:37]} O-O {[%clk 1:14:38]} 8.
dxe5 {[%clk 1:22:02]} dxe5 {[%clk 1:15:03]} 9. Qb3 {[%clk 1:22:22]} Kh8 {[%clk
1:09:09]} 10. Nf3 {[%clk 1:18:21]} e4 {[%clk 1:08:05]} 11. Nd4 {[%clk 1:18:19]}
Na6 {[%clk 1:06:05]} 12. c5 {[%clk 1:17:10]} Nc7 {[%clk 1:05:52]} 13. O-O {[%clk
1:13:15]} Qe8 {[%clk 0:55:54]} 14. Rd1 {[%clk 1:08:17]} Qg6 {[%clk 0:53:10]} 15.
b5 {[%clk 1:04:18]} Nd7 {[%clk 0:46:28]} 16. bxc6 {[%clk 0:54:13]} Nxc5 {[%clk
0:44:56]} 17. Qc2 {[%clk 0:52:39]} bxc6 {[%clk 0:42:26]} 18. Ba3 {[%clk 0:51:24]}
Qe8 {[%clk 0:35:12]} 19. Bxc5 {[%clk 0:35:50]} Bxc5 {[%clk 0:35:37]} 20. Nxe4
{[%clk 0:35:35]} Bxd4 {[%clk 0:13:47]} 21. Nd6 {[%clk 0:35:37]} Qd7 {[%clk
0:12:33]} 22. Rxd4 {[%clk 0:34:31]} Nd5 {[%clk 0:12:58]} 23. Qc5 {[%clk 0:27:32]}
Rf6 {[%clk 0:12:43]} 24. Rxd5 {[%clk 0:22:56]} cxd5 {[%clk 0:12:04]} 25. Qxd5
{[%clk 0:23:21]} Bb7 {[%clk 0:08:00]} 26. Qxb7 {[%clk 0:23:38]} Qxb7 {[%clk
0:08:06]} 27. Nxb7 {[%clk 0:24:01]} Rb6 {[%clk 0:06:57]} 28. Rxb6 {[%clk
0:22:49]} axb6 {[%clk 0:07:25]} 29. Bc4 {[%clk 0:22:55]} g6 {[%clk 0:07:17]} 30.
Nd6 {[%clk 0:22:17]} Kg7 {[%clk 0:07:44]} 31. g3 {[%clk 0:21:27]} Kf6 {[%clk
0:08:11]} 32. Bb3 {[%clk 0:21:22]} g5 {[%clk 0:04:47]} 33. Kg2 {[%clk 0:20:35]}
Rd8 {[%clk 0:04:39]} 34. Nc4 {[%clk 0:19:58]} Rb8 {[%clk 0:04:26]} 35. h3 {[%clk
0:19:42]} h6 {[%clk 0:04:46]} 36. g4 {[%clk 0:19:06]} b5 {[%clk 0:03:46]} 37. Nd6
{[%clk 0:18:59]} fxg4 {[%clk 0:04:11]} 38. hxg4 {[%clk 0:19:15]} Rb6 {[%clk
0:04:37]} 39. Nf7 {[%clk 0:18:20]} Ke7 {[%clk 0:04:01]} 40. e4 {[%clk 0:48:09]}
Rf6 {[%clk 0:33:45]} 41. e5 {[%clk 0:48:04]} Rf4 {[%clk 0:33:09]} 42. Nxh6 {[%clk
0:48:15]} Re4 {[%clk 0:33:31]} 43. e6 {[%clk 0:48:27]} Kf6 {[%clk 0:33:50]} 44.
f3 {[%clk 0:48:34]} Re2+ {[%clk 0:33:10]} 45. Kg3 {[%clk 0:48:57]} Kg7 {[%clk
0:28:46]} 46. Nf5+ {[%clk 0:49:15]} Kf8 {[%clk 0:29:14]} 47. e7+ {[%clk 0:49:33]}
Ke8 {[%clk 0:29:41]} 48. a4 {[%clk 0:49:31]} Rd2 {[%clk 0:28:09]} 49. axb5 {[%clk
0:49:26]} Rd3 {[%clk 0:28:35]} 50. Bc4 {[%clk 0:49:44]} Rc3 {[%clk 0:28:12]} 51.
b6 {[%clk 0:49:56]} 1-0

[Event "Irena Warakomska Memorial A"]
[Site "Suwalki"]
[Date "2021.08.01"]
[Round "7"]
[White "Zylka, Stanislaw"]
[Black "Szadkowski, Kamil"]
[Result "0-1"]
[Board "9"]
[WhiteElo "2362"]
[WhiteTitle "FM"]
[WhiteCountry "POL"]
[WhiteFideId "1189654"]
[WhiteEloChange "-12"]
[BlackElo "2282"]
[BlackTitle "FM"]
[BlackCountry "POL"]
[BlackFideId "1123203"]
[BlackEloChange "12"]

1. d4 {[%clk 1:29:36]} Nf6 {[%clk 1:30:55]} 2. c4 {[%clk 1:29:53]} g6 {[%clk
1:30:58]} 3. Nc3 {[%clk 1:30:03]} Bg7 {[%clk 1:31:22]} 4. e4 {[%clk 1:30:22]} d6
{[%clk 1:31:46]} 5. Nf3 {[%clk 1:30:44]} O-O {[%clk 1:32:06]} 6. Be2 {[%clk
1:31:07]} e5 {[%clk 1:32:09]} 7. O-O {[%clk 1:31:23]} Nc6 {[%clk 1:32:07]} 8. d5
{[%clk 1:31:45]} Ne7 {[%clk 1:32:31]} 9. b4 {[%clk 1:32:08]} a5 {[%clk 1:31:11]}
10. bxa5 {[%clk 1:32:29]} Nh5 {[%clk 1:30:19]} 11. Nd2 {[%clk 1:22:50]} Nf4
{[%clk 1:29:42]} 12. Nb3 {[%clk 1:23:03]} f5 {[%clk 1:29:36]} 13. f3 {[%clk
1:22:36]} c5 {[%clk 1:19:22]} 14. Na4 {[%clk 1:18:14]} g5 {[%clk 1:14:46]} 15.
Nb6 {[%clk 1:18:21]} Rb8 {[%clk 1:14:26]} 16. Rb1 {[%clk 1:13:41]} Rf6 {[%clk
1:09:43]} 17. Rf2 {[%clk 1:11:13]} g4 {[%clk 0:56:06]} 18. fxg4 {[%clk 1:09:02]}
fxe4 {[%clk 0:55:24]} 19. Be3 {[%clk 1:04:29]} Bh6 {[%clk 0:51:32]} 20. Qd2
{[%clk 1:03:52]} Neg6 {[%clk 0:49:03]} 21. Nxc8 {[%clk 0:52:21]} Qxc8 {[%clk
0:46:19]} 22. Rbf1 {[%clk 0:43:40]} Qd7 {[%clk 0:38:49]} 23. Bd1 {[%clk 0:37:05]}
Rbf8 {[%clk 0:38:11]} 24. Kh1 {[%clk 0:36:05]} R6f7 {[%clk 0:29:36]} 25. h3
{[%clk 0:18:26]} Qe7 {[%clk 0:14:39]} 26. g5 {[%clk 0:07:32]} Bxg5 {[%clk
0:14:18]} 27. Nxc5 {[%clk 0:02:17]} dxc5 {[%clk 0:14:00]} 28. d6 {[%clk 0:02:33]}
Qd8 {[%clk 0:14:02]} 29. g3 {[%clk 0:02:18]} Ne6 {[%clk 0:11:05]} 30. Rxf7 {[%clk
0:01:22]} Rxf7 {[%clk 0:11:00]} 31. Rxf7 {[%clk 0:01:31]} Kxf7 {[%clk 0:11:11]}
32. Bxg5 {[%clk 0:01:18]} Qxg5 {[%clk 0:11:24]} 33. Qd5 {[%clk 0:01:47]} Qxg3
{[%clk 0:04:26]} 34. Bg4 {[%clk 0:02:16]} Qe1+ {[%clk 0:03:12]} 35. Kh2 {[%clk
0:02:43]} Nf4 {[%clk 0:02:36]} 36. Qxb7+ {[%clk 0:02:49]} Kg6 {[%clk 0:02:43]}
37. Qb2 {[%clk 0:01:09]} Qxa5 {[%clk 0:02:58]} 38. d7 {[%clk 0:00:32]} Qc7 {[%clk
0:02:59]} 39. Qd2 {[%clk 0:00:33]} Nd4 {[%clk 0:03:05]} 40. Qe1 {[%clk 0:30:34]}
Qxd7 {[%clk 0:31:23]} 41. Bxd7 {[%clk 0:28:48]} Nf3+ {[%clk 0:30:32]} 42. Kg3
{[%clk 0:29:15]} Nxe1 {[%clk 0:30:55]} 43. a4 {[%clk 0:29:43]} Ned3 {[%clk
0:30:19]} 44. a5 {[%clk 0:30:06]} e3 {[%clk 0:30:07]} 45. Bg4 {[%clk 0:30:34]} e2
{[%clk 0:30:18]} 46. Bxe2 {[%clk 0:31:02]} Nxe2+ {[%clk 0:30:44]} 47. Kf3 {[%clk
0:31:31]} Nd4+ {[%clk 0:30:50]} 48. Ke4 {[%clk 0:32:00]} Nb4 {[%clk 0:31:14]} 49.
Kxe5 {[%clk 0:32:17]} Ndc6+ {[%clk 0:31:34]} 50. Kd6 {[%clk 0:32:46]} Nxa5 {[%clk
0:31:57]} 51. Kxc5 {[%clk 0:33:09]} Nac6 {[%clk 0:32:22]} 0-1

[Event "Irena Warakomska Memorial A"]
[Site "Suwalki"]
[Date "2021.08.01"]
[Round "7"]
[White "Kubicka, Anna"]
[Black "Sakalauskas, Vaidas"]
[Result "1/2-1/2"]
[Board "10"]
[WhiteElo "2210"]
[WhiteTitle "WIM"]
[WhiteCountry "POL"]
[WhiteFideId "1152254"]
[WhiteEloChange "3"]
[BlackElo "2330"]
[BlackTitle "IM"]
[BlackCountry "LTU"]
[BlackFideId "12800457"]
[BlackEloChange "-3"]

1. e4 {[%clk 1:30:02]} d6 {[%clk 1:30:44]} 2. d4 {[%clk 1:30:16]} Nf6 {[%clk
1:31:01]} 3. Nc3 {[%clk 1:30:30]} c6 {[%clk 1:31:20]} 4. Nf3 {[%clk 1:30:47]} Bg4
{[%clk 1:30:24]} 5. h3 {[%clk 1:31:07]} Bh5 {[%clk 1:30:45]} 6. Bd3 {[%clk
1:31:08]} e6 {[%clk 1:30:42]} 7. g4 {[%clk 1:30:53]} Bg6 {[%clk 1:30:40]} 8. g5
{[%clk 1:30:51]} Nfd7 {[%clk 1:27:03]} 9. h4 {[%clk 1:30:49]} Bh5 {[%clk
1:26:44]} 10. d5 {[%clk 1:30:52]} Be7 {[%clk 1:20:31]} 11. Be2 {[%clk 1:30:37]}
e5 {[%clk 1:13:18]} 12. Be3 {[%clk 1:24:19]} Qc7 {[%clk 0:52:16]} 13. Nd2 {[%clk
1:15:35]} Bxe2 {[%clk 0:51:41]} 14. Qxe2 {[%clk 1:15:47]} Nb6 {[%clk 0:49:35]}
15. O-O-O {[%clk 1:09:21]} N8d7 {[%clk 0:49:13]} 16. Kb1 {[%clk 1:04:32]} O-O-O
{[%clk 0:46:55]} 17. Nb3 {[%clk 0:59:47]} Kb8 {[%clk 0:45:24]} 18. a4 {[%clk
0:48:27]} Nc5 {[%clk 0:23:30]} 19. a5 {[%clk 0:36:27]} Nbd7 {[%clk 0:21:42]} 20.
Bxc5 {[%clk 0:35:24]} Nxc5 {[%clk 0:19:30]} 21. Nxc5 {[%clk 0:35:09]} dxc5 {[%clk
0:19:58]} 22. Qc4 {[%clk 0:33:57]} Bd6 {[%clk 0:17:10]} 23. dxc6 {[%clk 0:30:01]}
bxc6 {[%clk 0:17:35]} 24. Rh3 {[%clk 0:29:50]} Rd7 {[%clk 0:17:52]} 25. Rhd3
{[%clk 0:29:22]} Rhd8 {[%clk 0:14:31]} 26. Na4 {[%clk 0:29:11]} Bf8 {[%clk
0:09:00]} 27. Rb3+ {[%clk 0:23:05]} Ka8 {[%clk 0:09:08]} 28. Nb6+ {[%clk
0:22:13]} axb6 {[%clk 0:08:23]} 29. Qa6+ {[%clk 0:22:40]} Qa7 {[%clk 0:07:00]}
30. Rxd7 {[%clk 0:22:59]} Qxa6 {[%clk 0:07:27]} 31. Rxd8+ {[%clk 0:23:26]} Ka7
{[%clk 0:07:53]} 32. Rd7+ {[%clk 0:23:24]} Ka8 {[%clk 0:08:18]} 33. axb6 {[%clk
0:21:37]} Kb8 {[%clk 0:08:21]} 34. Rd8+ {[%clk 0:04:26]} Kb7 {[%clk 0:08:46]} 35.
Rd7+ {[%clk 0:03:53]} Kb8 {[%clk 0:09:10]} 36. Rd8+ {[%clk 0:03:09]} Kb7 {[%clk
0:09:32]} 37. Rd7+ {[%clk 0:02:07]} Kb8 {[%clk 0:06:18]} 1/2-1/2